Discipline and punish : the birth of the prison
Αποθηκεύτηκε σε:
| Κύριος συγγραφέας: | |
|---|---|
| Άλλοι συγγραφείς: | |
| Μορφή: | Βιβλίο |
| Γλώσσα: | English |
| Δημοσίευση: |
England :
Penguin,
1991.
|
| Θέματα: | |
| Ετικέτες: |
Προσθήκη ετικέτας
Δεν υπάρχουν, Καταχωρήστε ετικέτα πρώτοι!
|
MARC
| LEADER | 00000cam a2200000 i 4500 | ||
|---|---|---|---|
| 001 | 1/48707 | ||
| 008 | 950728s1991 enk| ||| |||| ||eng|| | ||
| 020 | |a 014013722X | ||
| 035 | |1 ΕΛΗ |a 1995 |b 1807 |c ΤΣΙΒΑΚΟΥ |l 10043411 | ||
| 040 | |a GR-MyUa |b gre |e AACR2 | ||
| 041 | 0 | |a eng | |
| 082 | 7 | |a 365 |2 (22) | |
| 100 | 1 | |a Foucault, Michel, |d 1926-1984. | |
| 245 | 1 | 0 | |a Discipline and punish : |b the birth of the prison / |c Michel Foucault ; translated from the french by Alan Sheridan. |
| 260 | |a England : |b Penguin, |c 1991. | ||
| 300 | |a 308 σ. ; |c 20 εκ. | ||
| 500 | |a Περιλαμβάνει βιβλιογραφία. | ||
| 650 | 0 | |a Prisons. | |
| 650 | 0 | |a Punishment. | |
| 650 | 0 | |a Prison violence. | |
| 650 | 0 | |a Prison obedience. | |
| 700 | 1 | |a Sheridan, Alan, |e trl | |
| 765 | 0 | 8 | |i Μετάφραση του: |t Surveiller et punir : |
| 852 | |a INST |b CHIOS |e 20000803 |h 365 FOU |p 005200005138 |q 005200005138 |t BK |y 0 | ||
| 852 | |a INST |b SAMOS |e 19950728 |h 365 FOU |p 005300010122 |q 005300010122 |t BK |y 0 | ||